| 000 | 00366nam a22001457a 4500 | ||
|---|---|---|---|
| 005 | 20230301094932.0 | ||
| 008 | 230301b |||||||| |||| 00| 0 eng d | ||
| 040 | _c##$aRTC$cRTC | ||
| 082 | _a362.198 | ||
| 100 | _aUNICEF | ||
| 245 | _aBhutan Every Newborn Action Plan (2016-2023) | ||
| 260 |
_bUnicef Bhutan, _c2017 |
||
| 300 |
_a64 p. _c30 cm |
||
| 942 |
_2ddc _cBINDER |
||
| 999 |
_c9387 _d9388 |
||